000 002330000a22000970004500
100 1 _aMcDonald, Neil
245 1 0 _aEn la boca : Un ejemplo de salud oral
300 _aNúm 42 (2000), Páginas 2-4
773 0 _tPaso a paso
942 _cANA
999 _c52519
_d52519